Detalles MARC
| 000 -LÍDER |
| Campo fijo de descripción fija |
02131aam a2200385 i 4500 |
| 001 - NÚMERO DE CONTROL |
| Campo de control |
768714001 |
| 003 - IDENTIFICADOR DEL NÚMERO DE CONTROL |
| Campo de control |
CO-MdFUSB |
| 005 - FECHA Y HORA DE LA ULTIMA TRANSACCIÓN |
| control field |
20240115145045.0 |
| 007 - CAMPO FIJO DE DESCRIPCIÓN FIJA--INFORMACIÓN GENERAL |
| Campo fijo de descripción fija |
ta |
| 008 - ELEMENTOS DE LONGITUD FIJA -- INFORMACIÓN GENERAL |
| Campo fijo de descripción fija -- Información general |
231031t20072007spa||||g |||| 00| 0 spa d |
| 020 ## - NÚMERO INTERNACIONAL NORMALIZADO PARA LIBROS |
| Número Internacional Normalizado del libro |
9788484524892 |
| 040 ## - FUENTE DE CATALOGACIÓN |
| Agencia de catalogación original |
CO-MdFUSB |
| Idioma de catalogación |
spa |
| Agencia que realiza la transcripción |
CO-MdFUSB |
| Agencia que realiza la modificación |
CO-MdFUSBC |
| Convenciones de la descripción |
rda |
| 041 ## - CÓDIGO DE IDIOMA |
| Código de idioma para texto/pista de sonido o título separado |
spa |
| Código de idioma original |
eng |
| 082 ## - NÚMERO DE CLASIFICACIÓN DECIMAL DEWEY |
| Número de la edición del Dewey |
23 |
| Número de clasificación |
967.571 |
| Clave de autor-Numero de item |
M531 |
| 100 ## - ASIENTO PRINCIPAL--NOMBRE PERSONAL |
| Nombre personal |
Melvern, Linda, |
| Término relacionador |
autor |
| 240 ## - TITULO UNIFORME |
| Título uniforme |
<a href="A people betrayed. The role of the west in Rwanda´s genocide">A people betrayed. The role of the west in Rwanda´s genocide</a> |
| 245 13 - TÍTULO |
| Título del Material |
Un pueblo traicionado |
| Parte restante del título - Subtitulo |
: el papel de occidente en el genocidio de Ruanda |
| Mención de responsabilidad, etc. |
/ Linda Melvern ; prologo Santiago Roncagliolo ; traducido por Amaya Sagarminaga |
| 250 ## - MENCIÓN DE EDICIÓN |
| Mención de edición |
1° edición |
| 264 #1 - PRODUCCIÓN, PUBLICACIÓN, DISTRIBUCIÓN, MANUFACTURA, Y COPYRIGHT |
| Lugar de producción, publicación, distribución, manufactura |
Barcelona, España : |
| Nombre del productor, publicador, distribuidor |
Oxfam, Intermón, |
| Fecha de producción, publicación, distribución, manufactura, o copyright |
[2007] |
| 264 #4 - PRODUCCIÓN, PUBLICACIÓN, DISTRIBUCIÓN, MANUFACTURA, Y COPYRIGHT |
| Fecha de producción, publicación, distribución, manufactura, o copyright |
©2007 |
| 300 ## - DESCRIPCIÓN FÍSICA |
| Extensión |
334 páginas |
| Dimensiones |
; 22 cm |
| 336 ## - TIPO DE CONTENIDO |
| Fuente |
rdacontent |
| Término de tipo de contenido |
texto |
| Código de tipo de contenido |
txt |
| 337 ## - TIPO DE MEDIO |
| Fuente |
rdamedia |
| Nombre del tipo de medio |
sin mediación |
| Código del tipo de medio |
n |
| 338 ## - TIPO DE SOPORTE |
| Fuente |
rdacarrier |
| Nombre del tipo de soporte |
volumen |
| Código Tipo de soporte |
nc |
| 490 ## - MENCIÓN DE SERIE |
| Mención de serie |
Colección libros de encuentro |
| 504 ## - NOTA DE BIBLIOGRAFÍA, ETC. |
| Nota de bibliografía, etc |
incluye índice |
| 505 ## - NOTA DE CONTENIDO |
| Nota de contenido con formato preestablecido |
Genocidio, abril de 19942 -- El pasado es prólogo: Ruanda 1894-19733 -- La participación de Francia, Egipto y Uganda -- Akazu: la oligarquía que gobierna Ruanda -- ¿Paz en Ruanda? Los Acuerdos de Arusha -- Preparando el genocidio -- La radio del odio: Radio Televisión des Miles Colines -- El nuevo orden mundial y las grandes esperanzas de éxito de las Naciones Unidas -- Fuerzas de paz: Llega la ONU -- Personal de mantenimiento de la paz en problemas: octubre de 1993 a abril de 1994 -- Consejo de Seguridad de la ONU, 5 de abril de 1994 -- Cuatro días en Kigali: del 6 al 9 de abril de 1994 -- La verdad del genocidio y un guardaespaldas de mentiras -- Las sesiones secretas del Consejo de Seguridad -- El genocidio se extiende -- El mundo cierra la puerta -- Por el valor -- Julio de 1994: A partir de Zero -- La Convención sobre el Genocidio. |
| 563 ## - NOTA DE ENCUADERNACIÓN |
| Nota de encuadernación |
Rústico. |
| 653 ## - TÉRMINO DE INDIZACIÓN - NO CONTROLADO |
| Término no controlado |
Genocidio |
| 653 ## - TÉRMINO DE INDIZACIÓN - NO CONTROLADO |
| Término no controlado |
Ruanda -- Guerra Civíl -- Historia |
| 700 ## - ASIENTO SECUNDARIO - NOMBRE PERSONAL |
| 9 (RLIN) |
8909 |
| Nombre personal |
Roncagliolo, Santiago, |
| Responsabilidad |
prologuista |
| 700 ## - ASIENTO SECUNDARIO - NOMBRE PERSONAL |
| 9 (RLIN) |
8910 |
| Nombre personal |
Sagarminaga, Amaya, |
| Responsabilidad |
traductor |
| 942 ## - TIPO DE MATERIAL (KOHA) |
| Tipo de Item KOHA |
Libros General |
| 945 ## - INFORMACIÓN LOCAL DEL REGISTRO |
| Catalogador |
sor1564 |